[Event "14th EUR-ch"]
[Site "Minsk BLR"]
[Date "2017.06.10"]
[Round "11.29"]
[White "Sturua, Zurab"]
[Black "Lupulescu, Constantin"]
[Result "1/2-1/2"]
[WhiteElo "2555"]
[BlackElo "2631"]
[EventDate "2017.05.30"]
[PlyCount "67"]

1.d4 Nf6 2.Nf3 d5 3.c4 e6 4.Nc3 a6 5.cxd5 exd5 6.Bg5 Be6 7.e3 Nbd7 8.Bd3 
Bd6 9.Qc2 c6 10.O-O Qc7 11.Ne2 Bg4 12.Ng3 h6 13.Bxf6 Nxf6 14.Qc3 h5 15.Ne5
h4 16.Nf5 Bxf5 17.Bxf5 Ne4 18.Bxe4 dxe4 19.Qc2 f6 20.Ng6 Bxh2+ 21.Kh1 Rh6 
22.Qxe4+ Kf7 23.Nf4 Bxf4 24.exf4 Rd8 25.Rfe1 Qd7 26.Rad1 Rh5 27.Rd3 h3 28.
g4 Rd5 29.Qh7 Rxd4 30.Qh5+ Kg8 31.Rxd4 Qxd4 32.Re8+ Rxe8 33.Qxe8+ Kh7 34.
Qh5+ 1/2-1/2

[Event "14th EUR-ch"]
[Site "Minsk BLR"]
[Date "2017.06.10"]
[Round "11.32"]
[White "Sarana, Alexei"]
[Black "Saric, Ivan"]
[Result "1/2-1/2"]
[WhiteElo "2472"]
[BlackElo "2618"]
[EventDate "2017.05.30"]
[PlyCount "118"]

1.d4 Nf6 2.c4 g6 3.Nc3 Bg7 4.Nf3 d6 5.e4 O-O 6.Be2 e5 7.Be3 exd4 8.Nxd4 
Re8 9.f3 c6 10.Bf2 d5 11.exd5 cxd5 12.O-O Nc6 13.c5 Bf8 14.Bb5 Bd7 15.Bxc6
bxc6 16.b4 Nh5 17.Qd2 Qf6 18.g3 Ng7 19.Nce2 Ne6 20.Nxe6 fxe6 21.f4 e5 22.
fxe5 Rxe5 23.Nf4 Qf5 24.Rae1 Rae8 25.Rxe5 Rxe5 26.Bd4 Re8 27.Nd3 Qe4 28.
Qf2 Qf5 29.Qxf5 Bxf5 30.Ne5 Bh3 31.Rd1 Re6 32.Kf2 Bg7 33.Nf3 Bg4 34.Bxg7 
Kxg7 35.Rd4 h5 36.Ng1 Rf6+ 37.Ke1 g5 38.a4 a6 39.h3 Bf5 40.b5 axb5 41.axb5
cxb5 42.Rxd5 Be6 43.Rxg5+ Kh6 44.Re5 b4 45.Re4 b3 46.Rb4 Kg7 47.Ne2 Rf5 
48.Nd4 Re5+ 49.Kd2 Bxh3 50.c6 Re4 51.c7 Re7 52.Rc4 Bc8 53.Nxb3 Kf7 54.Nd4 
Re4 55.Kc3 Re3+ 56.Kb4 Rxg3 57.Nb5 Rg4 58.Nd6+ Ke6 59.Rxg4 hxg4 1/2-1/2

[Event "14th EUR-ch"]
[Site "Minsk BLR"]
[Date "2017.06.10"]
[Round "11.33"]
[White "Leko, Peter"]
[Black "Svane, Rasmus"]
[Result "1/2-1/2"]
[WhiteElo "2703"]
[BlackElo "2573"]
[EventDate "2017.05.30"]
[PlyCount "86"]

1.e4 e6 2.d4 d5 3.Nc3 Nf6 4.e5 Nfd7 5.f4 c5 6.Nf3 Nc6 7.Be3 a6 8.Qd2 b5 9.
Nd1 cxd4 10.Nxd4 Nxd4 11.Bxd4 Bc5 12.c3 Qb6 13.Be2 O-O 14.O-O a5 15.Nf2 
Ba6 16.Qe3 Rac8 17.a3 Bxd4 18.cxd4 Nb8 19.b4 Nc6 20.Rfd1 axb4 21.axb4 Bb7 
22.Rab1 Ne7 23.Qd2 Rc4 24.Ng4 Rfc8 25.Ne3 Rc3 26.Ra1 Nf5 27.Nxf5 exf5 28.
Ra5 Rc2 29.Qe1 R2c4 30.Bxc4 dxc4 31.Qc3 h6 32.h3 Be4 33.Kh2 Rd8 34.Qa3 Qg6
35.Qg3 Qc6 36.Ra3 Qd5 37.Rd2 Rc8 38.Qc3 Rc6 39.Qb2 Rg6 40.Re3 Ra6 41.Ra3 
Rg6 42.Qa2 Qc6 43.Qb2 Qd5 1/2-1/2

[Event "14th EUR-ch"]
[Site "Minsk BLR"]
[Date "2017.06.10"]
[Round "11.35"]
[White "Safarli, Eltaj"]
[Black "Gelashvili, Tamaz"]
[Result "1/2-1/2"]
[WhiteElo "2668"]
[BlackElo "2563"]
[EventDate "2017.05.30"]
[PlyCount "82"]

1.e4 c5 2.Nf3 e6 3.d4 cxd4 4.Nxd4 Nc6 5.Nc3 Qc7 6.g3 a6 7.Bg2 Nf6 8.O-O d6
9.Re1 Bd7 10.Nxc6 bxc6 11.e5 dxe5 12.Qe2 Bd6 13.b3 Nd5 14.Bb2 O-O 15.Na4 
Rab8 16.c4 Nb6 17.c5 Nxa4 18.cxd6 Qb6 19.Bxe5 f6 20.bxa4 fxe5 21.Be4 Qd4 
22.Rad1 Qxa4 23.Bc2 Qa5 24.Qh5 h6 25.Bb3 Rb5 26.Re3 Rf6 27.Qe2 Qb6 28.Rf3 
Rb4 29.Rxf6 gxf6 30.Bc4 f5 31.Qh5 Rxc4 32.Qg6+ Kh8 33.Qxh6+ Kg8 34.Qg6+ 
Kh8 35.Qf6+ Kg8 36.Qg5+ Kh8 37.Qf6+ Kg8 38.Qg5+ Kh8 39.Qe7 Qb7 40.Qf8+ Kh7
41.Qf7+ Kh8 1/2-1/2

[Event "14th EUR-ch"]
[Site "Minsk BLR"]
[Date "2017.06.10"]
[Round "11.36"]
[White "Wagner, Dennis"]
[Black "Grandelius, Nils"]
[Result "1/2-1/2"]
[WhiteElo "2571"]
[BlackElo "2665"]
[EventDate "2017.05.30"]
[PlyCount "75"]

1.d4 d5 2.c4 c6 3.Nf3 Nf6 4.Nc3 dxc4 5.a4 e6 6.e4 Bb4 7.e5 Nd5 8.Bd2 b5 9.
axb5 Bxc3 10.bxc3 cxb5 11.Ng5 Bb7 12.Qh5 Qe7 13.Be2 Nd7 14.Bf3 N7b6 15.O-O
a5 16.Rab1 Bc6 17.Rfe1 a4 18.Ne4 O-O 19.Bg5 f6 20.exf6 gxf6 21.Bh6 Rf7 22.
Nc5 e5 23.Re4 a3 24.Ra1 Kh8 25.dxe5 f5 26.Rd4 Rg8 27.e6 Rf6 28.Bg5 Qxc5 
29.Bxd5 Rfg6 30.Rh4 R8g7 31.Bxc6 Rxg5 32.Qe8+ Rg8 33.Qf7 R5g7 34.Rxh7+ 
Rxh7 35.Qf6+ Rhg7 36.Qh6+ Rh7 37.Qf6+ Rhg7 38.Qh6+ 1/2-1/2

[Event "14th EUR-ch"]
[Site "Minsk BLR"]
[Date "2017.06.10"]
[Round "11.38"]
[White "Anton Guijarro, David"]
[Black "Predke, Alexandr"]
[Result "1/2-1/2"]
[WhiteElo "2660"]
[BlackElo "2566"]
[EventDate "2017.05.30"]
[PlyCount "170"]

1.d4 Nf6 2.c4 e6 3.Nf3 b6 4.g3 Bb7 5.Bg2 Bb4+ 6.Bd2 c5 7.Bxb4 cxb4 8.a3 
bxa3 9.Nxa3 a5 10.O-O O-O 11.b3 Na6 12.Qd2 Nb4 13.Rfc1 Qe7 14.Nc2 Nxc2 15.
Rxc2 Rfc8 16.h3 h6 17.Rcc1 d6 18.Qe3 Qd7 19.Nd2 Bxg2 20.Kxg2 a4 21.Qf3 Ra7
22.Rcb1 axb3 23.Rxa7 Qxa7 24.Qxb3 Qa8+ 25.Kg1 Ne4 26.Nxe4 Qxe4 27.Qd3 Qc6 
28.d5 Qxc4 29.Qxc4 Rxc4 30.Rxb6 exd5 31.Rxd6 Rc5 32.Kg2 h5 33.Rd8+ Kh7 34.
g4 hxg4 35.hxg4 g5 36.Kf3 Kg6 37.Rd6+ f6 38.Rd7 Ra5 39.Kg3 Kh6 40.f3 Kg6 
41.Kf2 Kh6 42.Ke3 Kg6 43.Re7 Kh6 44.Kd4 Kg6 45.e3 Ra4+ 46.Kxd5 Ra5+ 47.Ke4
Ra4+ 48.Kd3 Ra3+ 49.Ke2 Ra2+ 50.Ke1 Ra1+ 51.Kf2 Ra2+ 52.Kg3 Ra3 53.e4 Ra2 
54.Rd7 Rb2 55.Rd1 Ra2 56.Rf1 Rd2 57.Rf2 Rd3 58.Ra2 Rb3 59.Kf2 Rc3 60.Ke2 
Rb3 61.Rd2 Ra3 62.Rd3 Ra2+ 63.Ke3 Ra4 64.Rc3 Kf7 65.Kd3 Kg6 66.Kc2 Kf7 67.
Rd3 Kg6 68.Kb3 Ra8 69.Rc3 Rb8+ 70.Kc2 Ra8 71.Rb3 Ra2+ 72.Kc3 Ra4 73.Kb2 
Rd4 74.Kc2 Rc4+ 75.Rc3 Ra4 76.Rd3 Ra8 77.Kc3 Rc8+ 78.Kb4 Rb8+ 79.Kc4 Rc8+ 
80.Kb5 Kf7 81.Rd5 Rc3 82.Rf5 Kg6 83.Kb6 Rb3+ 84.Kc6 Ra3 85.Kc5 Rd3 1/2-1/2

[Event "14th EUR-ch"]
[Site "Minsk BLR"]
[Date "2017.06.10"]
[Round "11.41"]
[White "Kovalev, Vladislav"]
[Black "Chigaev, Maksim"]
[Result "1/2-1/2"]
[WhiteElo "2629"]
[BlackElo "2559"]
[EventDate "2017.05.30"]
[PlyCount "48"]

1.e4 c5 2.Nf3 e6 3.d4 cxd4 4.Nxd4 Nc6 5.Nc3 Qc7 6.Be2 a6 7.O-O Nf6 8.Be3 
Be7 9.f4 d6 10.Qe1 O-O 11.Kh1 Nxd4 12.Bxd4 b5 13.a3 Bb7 14.Qg3 Bc6 15.Rae1
Rac8 16.Bd3 e5 17.fxe5 Nh5 18.Qh3 dxe5 19.Nd5 Bxd5 20.Bxe5 Qxe5 21.exd5 
Qg5 22.Rf5 Qh4 23.Qxh4 Bxh4 24.Rxh5 Bxe1 1/2-1/2

[Event "14th EUR-ch"]
[Site "Minsk BLR"]
[Date "2017.06.10"]
[Round "11.46"]
[White "Alekseev, Evgeny"]
[Black "Forcen Esteban, Daniel"]
[Result "1/2-1/2"]
[WhiteElo "2610"]
[BlackElo "2545"]
[EventDate "2017.05.30"]
[PlyCount "21"]

1.e4 e6 2.d4 d5 3.Nc3 Nf6 4.e5 Nfd7 5.f4 c5 6.Nf3 Nc6 7.Be3 cxd4 8.Nxd4 
Bc5 9.Qd2 O-O 10.O-O-O a6 11.Nb3 1/2-1/2

[Event "14th EUR-ch"]
[Site "Minsk BLR"]
[Date "2017.06.10"]
[Round "11.47"]
[White "Boruchovsky, Avital"]
[Black "Onischuk, Vladimir"]
[Result "1/2-1/2"]
[WhiteElo "2557"]
[BlackElo "2608"]
[EventDate "2017.05.30"]
[PlyCount "83"]

1.e4 d6 2.d4 Nf6 3.Bd3 g6 4.Nf3 Bg7 5.O-O O-O 6.c3 Nbd7 7.Re1 e5 8.a4 Re8 
9.Na3 a6 10.a5 d5 11.Bg5 dxe4 12.Rxe4 exd4 13.Rxd4 h6 14.Bh4 g5 15.Bg3 Nh5
16.Be5 Rxe5 17.Nxe5 Bxe5 18.Re4 Nc5 19.Re3 Be6 20.Qxh5 Bf4 21.Qxh6 Nxd3 
22.Rxe6 Nxf2 23.Re2 Ng4 24.Qh5 Be3+ 25.Kh1 Nf2+ 26.Rxf2 Bxf2 27.Rf1 Qe7 
28.Nc2 Re8 29.Qf3 Ba7 30.Qxb7 Qe2 31.Qf3 Qxf3 32.gxf3 Re2 33.Nb4 Rxb2 34.
Nxa6 Ra2 35.Rb1 Rxa5 36.Nxc7 Ra2 37.Rb5 Kh7 38.h4 gxh4 39.Rh5+ Kg6 40.Rxh4
f5 41.Nd5 Rd2 42.Ra4 1/2-1/2

[Event "14th EUR-ch"]
[Site "Minsk BLR"]
[Date "2017.06.10"]
[Round "11.48"]
[White "Parligras, Mircea-Emilian"]
[Black "Alonso Rosell, Alvar"]
[Result "1/2-1/2"]
[WhiteElo "2607"]
[BlackElo "2536"]
[EventDate "2017.05.30"]
[PlyCount "151"]

1.d4 d5 2.Nf3 Nf6 3.c4 e6 4.Nc3 Bb4 5.cxd5 exd5 6.Bf4 O-O 7.e3 Bf5 8.Qb3 
Bxc3+ 9.bxc3 b6 10.Bg5 c6 11.c4 b5 12.cxb5 Qa5+ 13.Ke2 Ne4 14.Be7 Re8 15.
Bb4 Qxb5+ 16.Ke1 Qb6 17.Nd2 Na6 18.Bxa6 Qxa6 19.f3 Nxd2 20.Bxd2 Rab8 21.
Qc3 c5 22.Kf2 c4 23.Rhe1 h5 24.Qa5 Qd6 25.e4 dxe4 26.Bc3 Qg6 27.Qd5 exf3 
28.Qxf3 Bg4 29.Qf4 Qc2+ 30.Qd2 Qxd2+ 31.Bxd2 Rxe1 32.Kxe1 Re8+ 33.Kf1 Re2 
34.Bb4 Rb2 35.a3 h4 36.d5 h3 37.gxh3 Bxh3+ 38.Kg1 Rg2+ 39.Kh1 Rg5 40.d6 a5
41.Bc3 Rd5 42.Rg1 g5 43.Re1 Kh7 44.Kg1 Rxd6 45.Bxa5 Rd4 46.Kf2 Rf4+ 47.Kg3
Be6 48.Re5 Rg4+ 49.Kf3 Rg1 50.Kf2 Ra1 51.Bb4 Kg6 52.Re1 Ra2+ 53.Re2 Ra1 
54.Re1 Ra2+ 55.Re2 Rxe2+ 56.Kxe2 Kf5 57.Be7 Kf4 58.Bf6 g4 59.a4 Bc8 60.a5 
Kf5 61.Bc3 Ke4 62.Bf6 Ba6 63.Kf2 Kf5 64.Bc3 Ke4 65.Bf6 Kd3 66.Kg3 Bc8 67.
a6 Bxa6 68.Kxg4 c3 69.h4 Kd2 70.h5 Bd3 71.Bxc3+ Kxc3 72.Kg5 Be2 73.h6 Bd3 
74.Kf6 Bg6 75.h7 Bxh7 76.Kxf7 1/2-1/2

[Event "14th EUR-ch"]
[Site "Minsk BLR"]
[Date "2017.06.10"]
[Round "11.50"]
[White "Rozum, Ivan"]
[Black "Plat, Vojtech"]
[Result "1/2-1/2"]
[WhiteElo "2606"]
[BlackElo "2522"]
[EventDate "2017.05.30"]
[PlyCount "120"]

1.d4 d6 2.Nf3 f5 3.g3 Nf6 4.Bg2 g6 5.O-O Bg7 6.c4 O-O 7.Nc3 Qe8 8.d5 c6 9.
Rb1 cxd5 10.Nxd5 Nxd5 11.Qxd5+ Kh8 12.b3 Nd7 13.Bb2 Nf6 14.Qd2 Bd7 15.c5 
dxc5 16.Ne5 Rb8 17.Qa5 Bb5 18.Rfe1 Ne4 19.Qxa7 Ra8 20.Qxb7 Rxa2 21.Bxe4 
Rxb2 22.Bc6 Bxc6 23.Nxc6 Rd2 24.Rbd1 Rd6 25.Rxd6 exd6 26.e3 f4 27.gxf4 
Rxf4 28.Rd1 Qe6 29.Qb8+ Rf8 30.Qxd6 Qg4+ 31.Kf1 Qh3+ 32.Kg1 Qg4+ 33.Kf1 
Qf3 34.Rd2 Ra8 35.Rd1 Bd4 36.Rc1 Qh1+ 37.Ke2 Qxc1 38.Nxd4 Ra2+ 39.Kd3 Qf1+
40.Ke4 Rxf2 41.Qxc5 Qh1+ 42.Kd3 Qb1+ 43.Kc4 Qc1+ 44.Kd5 Qxe3 45.Qd6 Qe8 
46.b4 Rd2 47.Kc5 Rf2 48.b5 Rf1 49.Nc6 Rf5+ 50.Kb6 Qe2 51.Nd4 Qf2 52.Kc6 
Rf6 53.Ne6 Qc2+ 54.Kd7 Rf7+ 55.Ke8 Kg8 56.Kd8 Qc3 57.b6 Qf6+ 58.Kc8 Re7 
59.Qd8+ Kf7 60.Nc7 Qxb6 1/2-1/2

[Event "14th EUR-ch"]
[Site "Minsk BLR"]
[Date "2017.06.10"]
[Round "11.51"]
[White "Mchedlishvili, Mikheil"]
[Black "Esipenko, Andrey"]
[Result "1/2-1/2"]
[WhiteElo "2605"]
[BlackElo "2509"]
[EventDate "2017.05.30"]
[PlyCount "84"]

1.d4 Nf6 2.c4 e6 3.Nf3 b6 4.g3 Bb7 5.Bg2 Be7 6.O-O O-O 7.Nc3 Ne4 8.Nxe4 
Bxe4 9.Ne1 Bxg2 10.Nxg2 d5 11.Qa4 Qd7 12.Qxd7 Nxd7 13.cxd5 exd5 14.Bf4 c6 
15.Rac1 Rac8 16.Rc2 Bf6 17.Rfc1 Bxd4 18.Rxc6 Rxc6 19.Rxc6 Bxb2 20.Rc7 Nc5 
21.Rxa7 Ne6 22.Ne3 Rd8 23.Nf5 Bf6 24.Rb7 Nxf4 25.gxf4 h5 26.Rxb6 Ra8 27.
Kf1 Rxa2 28.Nh6+ Kf8 29.Rb8+ Ke7 30.Rb7+ Ke6 31.Rb6+ Kd7 32.Nxf7 Ra4 33.e3
d4 34.Ne5+ Bxe5 35.fxe5 dxe3 36.fxe3 Re4 37.Kf2 g5 38.Rh6 h4 39.e6+ Rxe6 
40.Rxe6 Kxe6 41.Kf3 Ke5 42.Kg4 Ke4 1/2-1/2

[Event "14th EUR-ch"]
[Site "Minsk BLR"]
[Date "2017.06.10"]
[Round "11.58"]
[White "Prohaszka, Peter"]
[Black "Kantans, Toms"]
[Result "1/2-1/2"]
[WhiteElo "2596"]
[BlackElo "2473"]
[EventDate "2017.05.30"]
[PlyCount "51"]

1.d4 Nf6 2.Nf3 g6 3.Bf4 Bg7 4.c3 O-O 5.Nbd2 d6 6.h3 b6 7.e3 Bb7 8.Be2 Nbd7
9.O-O e6 10.a4 a5 11.Bh2 Qe7 12.Nc4 Ne4 13.Nfd2 Nxd2 14.Nxd2 f5 15.Bf3 
Bxf3 16.Qxf3 Nf6 17.Qc6 Nd5 18.Rae1 Bh6 19.Re2 Qe8 20.Qc4 Qf7 21.Nf3 Rae8 
22.Rfe1 Nf6 23.Bf4 Bg7 24.b4 Ne4 25.Ng5 Nxg5 26.Bxg5 1/2-1/2

[Event "14th EUR-ch"]
[Site "Minsk BLR"]
[Date "2017.06.10"]
[Round "11.59"]
[White "Can, Emre"]
[Black "Sychev, Klementy"]
[Result "1/2-1/2"]
[WhiteElo "2589"]
[BlackElo "2459"]
[EventDate "2017.05.30"]
[PlyCount "72"]

1.Nf3 d5 2.d4 Nf6 3.c4 e6 4.g3 Be7 5.Bg2 O-O 6.O-O dxc4 7.Qa4 a6 8.Qxc4 b5
9.Qc2 Bb7 10.Bd2 Be4 11.Qc1 c6 12.Rd1 Nbd7 13.Nc3 Bg6 14.Ne5 Nxe5 15.dxe5 
Nd5 16.e4 Nb6 17.b3 c5 18.a4 b4 19.Be3 Nd7 20.Nb1 Bh5 21.f3 f6 22.exf6 
Bxf6 23.Ra2 Bd4 24.Bxd4 cxd4 25.Qc4 Bxf3 26.Qxe6+ Kh8 27.Bxf3 Rxf3 28.Rxd4
Qg5 29.Qxd7 Raf8 30.Kg2 Qe3 31.Qd5 Rf2+ 32.Rxf2 Rxf2+ 33.Kh3 Qh6+ 34.Kg4 
Qg6+ 35.Kh3 Qh6+ 36.Kg4 Qg6+ 1/2-1/2

[Event "14th EUR-ch"]
[Site "Minsk BLR"]
[Date "2017.06.10"]
[Round "11.61"]
[White "Ali Marandi, Cemil Can"]
[Black "Jojua, Davit"]
[Result "1/2-1/2"]
[WhiteElo "2479"]
[BlackElo "2581"]
[EventDate "2017.05.30"]
[PlyCount "24"]

1.c4 e6 2.d4 d5 3.Nc3 Be7 4.cxd5 exd5 5.Bf4 c6 6.e3 Bd6 7.Bxd6 Qxd6 8.Bd3 
Ne7 9.Nge2 Bf5 10.Ng3 Bxd3 11.Qxd3 O-O 12.O-O Nd7 1/2-1/2

[Event "14th EUR-ch"]
[Site "Minsk BLR"]
[Date "2017.06.10"]
[Round "11.62"]
[White "Kobo, Ori"]
[Black "Antipov, Mikhail"]
[Result "1/2-1/2"]
[WhiteElo "2476"]
[BlackElo "2576"]
[EventDate "2017.05.30"]
[PlyCount "66"]

1.e4 c5 2.Nf3 d6 3.d4 cxd4 4.Nxd4 Nf6 5.Nc3 a6 6.g3 Nc6 7.Bg2 Bd7 8.O-O 
Rc8 9.Nd5 e6 10.Nxf6+ Qxf6 11.Be3 h5 12.h4 Qg6 13.b3 Be7 14.Qd2 Nxd4 15.
Bxd4 e5 16.Bb2 Qg4 17.Ba3 Rh6 18.c4 g5 19.hxg5 Bxg5 20.f4 exf4 21.gxf4 Bd8
22.f5 Bg5 23.Qd4 h4 24.Kh1 h3 25.Bf3 Qg3 26.Qg1 Bf4 27.Qxg3 Bxg3 28.e5 
Bxe5 29.Rae1 Bc6 30.Bxc6+ Rxc6 31.Bxd6 Rcxd6 32.Rxe5+ Kd7 33.Re2 Kc6 
1/2-1/2

[Event "14th EUR-ch"]
[Site "Minsk BLR"]
[Date "2017.06.10"]
[Round "11.64"]
[White "Lavrov, Maxim"]
[Black "Bocharov, Dmitry"]
[Result "1/2-1/2"]
[WhiteElo "2369"]
[BlackElo "2574"]
[EventDate "2017.05.30"]
[PlyCount "89"]

1.e4 c6 2.d4 d5 3.e5 Bf5 4.Nf3 e6 5.Be2 Nd7 6.O-O h6 7.c4 dxc4 8.Bxc4 Ne7 
9.Nc3 Nb6 10.Bb3 Ned5 11.Re1 Be7 12.Ne4 O-O 13.Ng3 Bg6 14.Bc2 Qe8 15.h4 
Rc8 16.h5 Bxc2 17.Qxc2 c5 18.Qe4 cxd4 19.Nxd4 Qd7 20.Bd2 Nc4 21.Bc3 b5 22.
Nb3 a5 23.Rad1 a4 24.Nc1 Rfd8 25.Nce2 Qc7 26.Bd4 Bb4 27.Bc3 Qa5 28.Bxb4 
Qxb4 29.b3 axb3 30.axb3 Qxb3 31.Nd4 Qb2 32.Ndf5 Kh8 33.Qg4 Rg8 34.Nd6 Nxd6
35.exd6 Rc4 36.Qf3 Rf4 37.Qe2 Qxe2 38.Nxe2 Rc4 39.Nd4 b4 40.Nf3 Rf8 41.
Rxd5 exd5 42.d7 Re4 43.Rc1 Rc4 44.Re1 Re4 45.Rc1 1/2-1/2

[Event "14th EUR-ch"]
[Site "Minsk BLR"]
[Date "2017.06.10"]
[Round "11.69"]
[White "Kharchenko, Boris"]
[Black "Buhmann, Rainer"]
[Result "1/2-1/2"]
[WhiteElo "2468"]
[BlackElo "2596"]
[EventDate "2017.05.30"]
[PlyCount "119"]

1.e4 e6 2.d4 d5 3.Nd2 c5 4.exd5 Qxd5 5.Ngf3 cxd4 6.Bc4 Qd8 7.O-O Nc6 8.Nb3
a6 9.Nbxd4 Nxd4 10.Nxd4 Qc7 11.Bb3 Bd6 12.Qh5 Nf6 13.Qh4 Bd7 14.Ne2 O-O-O 
15.Bf4 Bxf4 16.Qxf4 Bb5 17.c4 Bc6 18.Rfd1 Be4 19.Qe3 Kb8 20.f3 Bg6 21.a3 
Nd7 22.Ba2 Qe5 23.Qxe5+ Nxe5 24.f4 Nd3 25.Rd2 Kc7 26.Kf1 a5 27.g3 e5 28.
Nc3 exf4 29.Nd5+ Kb8 30.Rad1 fxg3 31.Rxd3 Bxd3+ 32.Rxd3 gxh2 33.Kg2 Rhe8 
34.Rd2 a4 35.Kxh2 Re1 36.Rf2 Ra1 37.Nb4 Rdd1 38.c5 Rh1+ 39.Kg2 Rag1+ 40.
Kf3 Rf1 41.Bxf7 Rxf2+ 42.Kxf2 Rh2+ 43.Ke3 Rxb2 44.c6 bxc6 45.Nxc6+ Kc7 46.
Nd4 Rb8 47.Ke4 Rb1 48.Kd5 g5 49.Bh5 Kb6 50.Nc2 Rh1 51.Be8 g4 52.Ke4 h5 53.
Bxa4 h4 54.Ne3 Rg1 55.Bd7 h3 56.Nxg4 Kc7 57.Bf5 Re1+ 58.Kf4 Rf1+ 59.Kg5 
Rh1 60.Be4 1/2-1/2

[Event "14th EUR-ch"]
[Site "Minsk BLR"]
[Date "2017.06.10"]
[Round "11.98"]
[White "Goryachkina, Aleksandra"]
[Black "Pantsulaia, Levan"]
[Result "1/2-1/2"]
[WhiteElo "2470"]
[BlackElo "2594"]
[EventDate "2017.05.30"]
[PlyCount "38"]

1.d4 Nf6 2.c4 c5 3.d5 g6 4.Nc3 Bg7 5.e4 O-O 6.Nf3 e6 7.Be2 exd5 8.exd5 d6 
9.O-O Re8 10.h3 Bf5 11.Bd3 Ne4 12.Nxe4 Bxe4 13.Bxe4 Rxe4 14.Qd3 Re8 15.Bg5
Qb6 16.Rae1 Nd7 17.b3 Qa5 18.Rxe8+ Rxe8 19.a4 Qc3 1/2-1/2

[Event "14th EUR-ch"]
[Site "Minsk BLR"]
[Date "2017.06.10"]
[Round "11.71"]
[White "Alexeenko, Kirill"]
[Black "Gasanov, Eldar"]
[Result "1/2-1/2"]
[WhiteElo "2585"]
[BlackElo "2484"]
[EventDate "2017.05.30"]
[PlyCount "164"]

1.e4 e5 2.Nf3 Nc6 3.Bb5 a6 4.Ba4 Nf6 5.O-O Be7 6.Re1 b5 7.Bb3 d6 8.c3 O-O 
9.d4 Bg4 10.d5 Na5 11.Bc2 c6 12.h3 Bc8 13.dxc6 Qc7 14.Nbd2 Qxc6 15.Nf1 Nc4
16.Ng3 Be6 17.Ng5 Bd7 18.a4 Qc7 19.Qe2 Rfc8 20.Nf5 Bf8 21.Nf3 h6 22.Nh2 
Be6 23.Qf3 Qd8 24.Bd3 Kh8 25.Rd1 Rab8 26.axb5 axb5 27.b4 d5 28.Ng3 Nd6 29.
exd5 Nxd5 30.Re1 Rxc3 31.Bb2 Rb3 32.Bxe5 Nxb4 33.Re3 Rxd3 34.Rxd3 Nxd3 35.
Qxd3 Nc4 36.Bd4 b4 37.Rb1 b3 38.Rxb3 Rc8 39.Ng4 Qg5 40.Rc3 Qd2 41.Qxd2 
Nxd2 42.Rxc8 Bxc8 43.Nxh6 Bxh3 44.gxh3 Nf3+ 45.Kg2 Nxd4 46.Nxf7+ Kh7 47.h4
Be7 48.Kh3 g6 49.Kg4 Kg7 50.Ng5 Bf6 51.N3e4 Be7 52.Ng3 Bf6 53.Kf4 Kg8 54.
Ke4 Bxg5 55.hxg5 Ne6 56.f4 Kf7 57.Ne2 Ng7 58.Ke5 Nh5 59.Kd6 Ng7 60.Nd4 Nh5
61.Ne6 Ng3 62.Nd8+ Ke8 63.Nb7 Nh5 64.Ke5 Kf7 65.Nd6+ Ke7 66.Nc4 Kf7 67.Ke4
Ng3+ 68.Kf3 Nf5 69.Ke4 Ng3+ 70.Ke3 Nf5+ 71.Kf3 Kg7 72.Ne3 Nd6 73.Ke2 Kf7 
74.Kd3 Ke6 75.Ke2 Kf7 76.Ng4 Ke6 77.Ne5 Kf5 78.Ke3 Ne4 79.Nf3 Nc3 80.Nh4+ 
Kg4 81.Nxg6 Nd5+ 82.Ke4 Nxf4 1/2-1/2

[Event "14th EUR-ch"]
[Site "Minsk BLR"]
[Date "2017.06.10"]
[Round "11.73"]
[White "Deac, Bogdan-Daniel"]
[Black "Nguyen Thai Dai Van"]
[Result "1/2-1/2"]
[WhiteElo "2572"]
[BlackElo "2461"]
[EventDate "2017.05.30"]
[PlyCount "88"]

1.d4 Nf6 2.c4 e6 3.Nc3 Bb4 4.e3 O-O 5.Bd3 d5 6.Nf3 b6 7.cxd5 exd5 8.Bd2 c5
9.a3 Bxc3 10.Bxc3 Ne4 11.h4 h6 12.Ne5 Nxc3 13.bxc3 Nd7 14.Qh5 Nxe5 15.Qxe5
Be6 16.Kd2 Re8 17.Qf4 cxd4 18.cxd4 b5 19.g4 Qa5+ 20.Ke2 Rac8 21.h5 Qc7 22.
Qf3 Qd7 23.Rhg1 f6 24.Rab1 a6 25.Rb3 Rc1 26.Rb1 Rc3 27.Bg6 Rec8 28.Qf4 
Rxa3 29.Kf3 Qc7 30.Ra1 Qxf4+ 31.Kxf4 Rxa1 32.Rxa1 Rc6 33.e4 Kf8 34.Re1 
dxe4 35.Bxe4 Rd6 36.d5 Bd7 37.Ke3 a5 38.Kd4 a4 39.Kc5 Ra6 40.d6 a3 41.Bb7 
Ra4 42.Bd5 a2 43.Ra1 Ke8 44.f3 f5 1/2-1/2

[Event "14th EUR-ch"]
[Site "Minsk BLR"]
[Date "2017.06.10"]
[Round "11.75"]
[White "Sadzikowski, Daniel"]
[Black "Stremavicius, Titas"]
[Result "1/2-1/2"]
[WhiteElo "2548"]
[BlackElo "2448"]
[EventDate "2017.05.30"]
[PlyCount "47"]

1.e4 c5 2.Nf3 Nc6 3.Bb5 g6 4.Bxc6 dxc6 5.d3 Bg7 6.h3 b6 7.O-O Nh6 8.Nc3 f6
9.Nh2 e5 10.f4 exf4 11.Bxf4 O-O 12.Qd2 Nf7 13.Nf3 f5 14.Rae1 h6 15.exf5 g5
16.f6 Bxf6 17.Bh2 Bf5 18.g4 Bh7 19.Re6 Bd4+ 20.Nxd4 Qxd4+ 21.Kg2 c4 22.Qf2
Qd7 23.Qf6 Rae8 24.Rxe8 1/2-1/2

[Event "14th EUR-ch"]
[Site "Minsk BLR"]
[Date "2017.06.10"]
[Round "11.78"]
[White "Birnboim, Nathan"]
[Black "Ladva, Ottomar"]
[Result "1/2-1/2"]
[WhiteElo "2358"]
[BlackElo "2530"]
[EventDate "2017.05.30"]
[PlyCount "120"]

1.Nf3 d5 2.c4 e6 3.g3 dxc4 4.Qa4+ Nd7 5.Qxc4 a6 6.Bg2 b5 7.Qc2 Bb7 8.O-O 
Ngf6 9.a4 c5 10.axb5 axb5 11.Rxa8 Bxa8 12.d3 Be7 13.Nc3 Qb6 14.Be3 O-O 15.
Ra1 Bc6 16.Qc1 Qb7 17.Ra5 Ng4 18.Bg5 f6 19.Bd2 c4 20.Nxb5 Bxb5 21.Ne5 Qb6 
22.Nxg4 cxd3 23.exd3 Nc5 24.Qe1 Bxd3 25.Be3 Bf5 26.Qc3 Bxg4 27.Bxc5 Bxc5 
28.Rxc5 Rb8 29.h3 Bf5 30.g4 Bg6 31.Rc8+ Be8 32.b4 Rxc8 33.Qxc8 Kf7 34.Qc5 
Qxc5 35.bxc5 e5 36.Kf1 Ke6 37.Ke2 g6 38.Kd3 f5 39.Kc4 e4 40.Kd4 Bc6 41.Bf1
Kf6 42.Bc4 f4 43.h4 h6 44.Bb3 g5 45.h5 e3 46.fxe3 Bf3 47.exf4 gxf4 48.Ba4 
Bxg4 49.Be8 Bf3 50.c6 Ke7 51.c7 Bg4 52.Bb5 Kd6 53.Be2 Bf5 54.c8=Q Bxc8 55.
Ke4 f3 56.Kxf3 Ke5 57.Kg3 Bd7 58.Kh4 Kf4 59.Bd1 Be6 60.Be2 Bd7 1/2-1/2

[Event "14th EUR-ch"]
[Site "Minsk BLR"]
[Date "2017.06.10"]
[Round "11.79"]
[White "Gorovets, Andrey"]
[Black "Grib, Roman"]
[Result "1/2-1/2"]
[WhiteElo "2524"]
[BlackElo "2415"]
[EventDate "2017.05.30"]
[PlyCount "98"]

1.c4 Nf6 2.Nc3 d5 3.cxd5 Nxd5 4.g3 g6 5.Bg2 Nb6 6.d3 Bg7 7.Be3 O-O 8.Qd2 
e5 9.Bh6 Re8 10.h4 f6 11.Bxg7 Kxg7 12.h5 g5 13.h6+ Kh8 14.O-O-O Nc6 15.f4 
g4 16.fxe5 fxe5 17.Bxc6 bxc6 18.e4 Be6 19.Nge2 Rb8 20.Rh5 Qf6 21.Qg5 Qxg5+
22.Rxg5 Nd7 23.d4 Rg8 24.Rh5 Bf7 25.Rhh1 c5 26.Rhf1 Bc4 27.dxc5 Nxc5 28.b3
Bxe2 29.Nxe2 Nxe4 30.Rd5 Rbe8 31.Rf5 Nd6 32.Rfxe5 Nf7 33.Rxe8 Rxe8 34.Rd7 
Nxh6 35.Kd2 Nf5 36.Rxc7 Rd8+ 37.Kc3 Re8 38.Kd2 Rd8+ 39.Ke1 Rd3 40.Rxa7 
Nxg3 41.Nxg3 Rxg3 42.Kf2 Rf3+ 43.Kg2 h5 44.Ra5 Rh3 45.b4 Kg7 46.b5 Rc3 47.
b6 Rc2+ 48.Kg3 Rb2 49.Rxh5 Rxb6 1/2-1/2

[Event "14th EUR-ch"]
[Site "Minsk BLR"]
[Date "2017.06.10"]
[Round "11.87"]
[White "Fedorov, Alexei"]
[Black "Grinberg, Eyal"]
[Result "1/2-1/2"]
[WhiteElo "2598"]
[BlackElo "2457"]
[EventDate "2017.05.30"]
[PlyCount "80"]

1.e4 c5 2.Nc3 d6 3.Nge2 Nf6 4.g3 g6 5.d4 cxd4 6.Nxd4 Bg7 7.Bg2 O-O 8.O-O 
Nc6 9.Nde2 Be6 10.h3 Bc4 11.a4 Rc8 12.Re1 Nb4 13.Nf4 Nd7 14.Ra3 Ne5 15.
Nfd5 Nec6 16.b3 Ba6 17.Nb5 e6 18.Nxb4 Nxb4 19.c4 Bxb5 20.axb5 a6 21.bxa6 
bxa6 22.Be3 Qc7 23.Qd2 Rb8 24.Rd1 Rfd8 25.Bg5 Rd7 26.Bf4 e5 27.Be3 a5 28.
h4 Nc6 29.h5 Nd4 30.Rb1 Nc6 31.Bg5 Qb6 32.Ra4 Bf8 33.Qd5 Ra7 34.Be3 Nd4 
35.Bd2 Qc6 36.Rxa5 Qxd5 37.cxd5 Rxa5 38.Bxa5 Rxb3 39.Rxb3 Nxb3 40.Bb4 Nd4 
1/2-1/2

[Event "14th EUR-ch"]
[Site "Minsk BLR"]
[Date "2017.06.10"]
[Round "11.89"]
[White "Moroni, Luca jr"]
[Black "Beliavsky, Alexander"]
[Result "1/2-1/2"]
[WhiteElo "2448"]
[BlackElo "2589"]
[EventDate "2017.05.30"]
[PlyCount "90"]

1.c4 e6 2.Nc3 d5 3.d4 Bb4 4.Nf3 Ne7 5.e3 c5 6.Bd3 dxc4 7.Bxc4 O-O 8.O-O 
cxd4 9.exd4 b6 10.Bd3 Ba6 11.Be4 Bxf1 12.Bxa8 Ba6 13.Be4 Nf5 14.Qc2 Nxd4 
15.Nxd4 Qxd4 16.Be3 Qc4 17.Bxh7+ Kh8 18.Be4 Bxc3 19.bxc3 Rd8 20.Re1 Bb5 
21.Bf3 Nc6 22.Be2 Qa4 23.Qxa4 Bxa4 24.f4 Ne7 25.c4 Nf5 26.Bf2 Nd4 27.Bf1 
Nc6 28.a3 Rd2 29.c5 b5 30.Rb1 Ra2 31.g3 Rxa3 32.Bxb5 f6 33.Bc4 e5 34.Be6 
Bc2 35.Re1 Bb3 36.f5 Bxe6 37.fxe6 Rd3 38.Ra1 Rd8 39.e7 Nxe7 40.Rxa7 Nc6 
41.Rc7 Nb4 42.Rb7 Nc6 43.Rc7 Nb4 44.Rb7 Nc6 45.Rc7 Nb4 1/2-1/2

[Event "14th EUR-ch"]
[Site "Minsk BLR"]
[Date "2017.06.10"]
[Round "11.90"]
[White "Basso, Pier Luigi"]
[Black "Postny, Evgeny"]
[Result "1/2-1/2"]
[WhiteElo "2447"]
[BlackElo "2588"]
[EventDate "2017.05.30"]
[PlyCount "59"]

1.d4 d5 2.c4 c6 3.cxd5 cxd5 4.Nc3 Nf6 5.Bf4 Nc6 6.e3 Bg4 7.Be2 Bxe2 8.Qxe2
e6 9.Rc1 Be7 10.h3 O-O 11.Nf3 Nd7 12.O-O a6 13.e4 dxe4 14.Nxe4 Nf6 15.Nc5 
Nd5 16.Bg3 Rc8 17.Nxb7 Qb6 18.Nd6 Bxd6 19.Bxd6 Nxd4 20.Nxd4 Qxd6 21.Nf3 a5
22.Qd2 Qb4 23.Rxc8 Rxc8 24.Rc1 Rb8 25.b3 h6 26.Rc4 Qxd2 27.Nxd2 Rd8 28.Rd4
Rc8 29.Rc4 Rd8 30.Rd4 1/2-1/2